000 00640nam a2200193 a 4500
001 0501
005 20140414131910.0
008 040117s19uu xx 00 eng d
020 _a0-7214-1637-3
050 _aER
_bAn5 1992
100 _aStimson, Joan
245 _aAnimal stories for under fives /
_cJoan Stimson.
260 _aU.S.A :
_bLadybird,
_c1992.
300 _a43 p. ; cm.
500 _aBrown Bear's visit--Hippo hiccups--The singing lion--A surprise for a tortoise--Which flamingo?--Flop learns to swim--Crocodiles do clim trees--Teamwork.
650 _aAnimal
_xfiction.
650 _aChildren stories.
999 _c111149
_d111149